Русско-зырянский словарь (Запись № 10251298)

Подробности
000 -МАРКЕР
контрольное поле 01236nam0a2200289 4500
001 - ИДЕНТИФИКАТОР ЗАПИСИ
контрольное поле RU\NLR\ONL1\20115
005 - ИДЕНТИФИКАТОР ВЕРСИИ
контрольное поле 20260406072248.0
035 ## - ДРУГИЕ СИСТЕМНЫЕ НОМЕРА
Идентификатор записи (NLR Aleph) 010205839
100 ## - ДАННЫЕ ОБЩЕЙ ОБРАБОТКИ
Данные общей обработки 20120725d1931 m y0rusy50 ca
101 0# - ЯЗЫК РЕСУРСА
Язык текста, звукозаписи и т.д. коми (коми-зырянский)
-- русский
102 ## - СТРАНА ПУБЛИКАЦИИ ИЛИ ПРОИЗВОДСТВА
Страна публикации Российская Федерация
105 ## - ПОЛЕ КОДИРОВАННЫХ ДАННЫХ: ТЕКСТОВЫЕ МАТЕРИАЛЫ, МОНОГРАФИЧЕСКИЕ
Кодированные данные о монографическом текстовом документе y |||||||||
200 1# - ЗАГЛАВИЕ И СВЕДЕНИЯ ОБ ОТВЕТСТВЕННОСТИ
Основное заглавие Русско-зырянский словарь
Параллельное заглавие Роча-комiа кылчукöр
Сведения, относящиеся к заглавию составлен по рукописному словарю Н. П. Попова
Первые сведения об ответственности Г. С. Лыткин
210 ## - ПУБЛИКАЦИЯ, РАСПРОСТРАНЕНИЕ И ДР.
Место издания, распространения и т.д. Ленинград
Имя издателя, распространителя и т. д. Изд-во АН СССР
Дата издания, распространения и т.д. 1931
215 ## - ФИЗИЧЕСКАЯ ХАРАКТЕРИСТИКА
Специфическое обозначение материала и объем [2],VI,360 с.
Размеры 24
606 0# - НАИМЕНОВАНИЕ ТЕМЫ КАК ПРЕДМЕТ
Наименование темы Русско - коми - зырянские словари
Системный номер авторитетной/нормативной записи 2175213
Идентификатор авторитетной/нормативной записи RU\NLR\auth-onl\668
686 1# - ИНДЕКСЫ ДРУГИХ КЛАССИФИКАЦИЙ
Индекс Ш166.421-49
686 1# - ИНДЕКСЫ ДРУГИХ КЛАССИФИКАЦИЙ
Индекс Ш141.12-49
700 #1 - ИМЯ ЛИЦА - ПЕРВИЧНАЯ ОТВЕТСТВЕННОСТЬ
Код отношения Автор
Материалы, к которым относится поле rus
Графика поля Кириллица
Начальный элемент ввода Лыткин
Часть имени, кроме начального элемента ввода Г. С.
Дополнения к именам, кроме дат коми писатель
Даты 1835-1907
Расширение инициалов личного имени Георгий Степанович
Идентификатор авторитетной/нормативной записи RU\NLR\auth-onl\7756
Системный номер авторитетной/нормативной записи 130116
702 #1 - ИМЯ ЛИЦА - ВТОРИЧНАЯ ОТВЕТСТВЕННОСТЬ
Код отношения Библиографический предшественник
Материалы, к которым относится поле rus
Графика поля Кириллица
Дополнения к именам, кроме дат коми писатель
Начальный элемент ввода Попов
Часть имени, кроме начального элемента ввода Н. П.
Даты 1901-1971
Расширение инициалов личного имени Николай Павлович
Идентификатор авторитетной/нормативной записи RU\NLR\auth-onl\7761
Системный номер авторитетной/нормативной записи 130121
801 #0 - ИСТОЧНИК ЗАПИСИ
Страна Российская Федерация
Организация NLR
Дата составления 20120725
Правила каталогизации PSBO
852 ## - МЕСТОНАХОЖДЕНИЕ И ШИФР ХРАНЕНИЯ
Идентификатор организации NLR
Наименование фонда или коллекции (Sub-Location Identifier) ОНЛ
Шифр хранения (Call Number) Коми-з./3-2655
899 ## - ДАННЫЕ О МЕСТОНАХОЖДЕНИИ (устаревшее)
Местонахождение НБ
942 ## - ДОПОЛНИТЕЛЬНЫЕ ЭЛЕМЕНТЫ ЗАПИСИ (АБИС)
Тип экземпляра АБИС Книга
980 ## - КОЛЛЕКЦИЯ
Название коллекции Национальная библиография
Экземпляры
Тип экземпляра Дата поступления Библиотека постоянного хранения Библиотека текущего хранения Место хранения Шифр хранения Штрих-код Статус экземпляра
Книга 19.02.2020 РНБ (Московский) РНБ (Московский) Фонд национальных литератур Коми-з./3-2655 1-2988655  
Книга 19.02.2020 РНБ (Московский) РНБ (Московский) Фонд национальных литератур Коми-з./3-2655 1-2987524